000 00214nam a2200121Ia 4500
100 _aTONY LAKE
942 _cBK
245 _aRELATISONSHIP
260 _b#N/A
300 _a320
546 _aENGLISH
999 _c21101
_d21101